Normal view MARC view

Entry Personal Name

Number of records used in: 1

001 - CONTROL NUMBER

  • control field: 1192

003 - CONTROL NUMBER IDENTIFIER

  • control field: OSt

005 - DATE AND TIME OF LATEST TRANSACTION

  • control field: 20110419162259.0

008 - FIXED-LENGTH DATA ELEMENTS

  • fixed length control field: 110419|||a|||||| | ||| d

040 ## - CATALOGING SOURCE

  • Original cataloging agency: OSt
  • Transcribing agency: OSt

100 ## - HEADING--PERSONAL NAME

  • Personal name: Harper, Fowler V.
  • Fuller form of name: (Fowler Vincent),
  • Dates associated with a name: 1897-1965,
  • Relator term: ed.

670 ## - SOURCE DATA FOUND

  • Source citation: Work cat.: (OSt)0: Wright, Cecel, A. 1190, Cases on the law of torts,, [1953]